[Event "Ä15Ï"]
[Site "Loo"]
[Date "2017.04.25"]
[Round "6.2"]
[White "Ìîèñååâà, Îëåñÿ."]
[Black "Ñåëåçíåâà, Åêàòåðèíà."]
[Result "1-0"]
[WhiteElo "1695"]
[BlackElo "1845"]
[PlyCount "49"]
[EventDate "2017.04.20"]

1. e4 c5 2. Nf3 Nc6 3. d4 cxd4 4. Nxd4 e5 5. Nb3 Nf6 6. Bd3 d5 7. exd5 Nxd5 8.
O-O Be7 9. a3 a6 10. c4 Nf6 11. Nc3 Be6 12. Be3 Rc8 13. Qe2 O-O 14. Rfd1 Qe8
15. f3 Nd7 16. Be4 Nd4 17. Nxd4 Bxc4 18. Qc2 exd4 19. Bxh7+ Kh8 20. Bxd4 Nc5
21. Qf5 Rc6 22. Qh5 Rh6 23. Qxh6 f6 24. Qh3 Be6 25. Bf5+ 1-0

[Event "Ä15Ï"]
[Site "Loo"]
[Date "2017.04.25"]
[Round "6.3"]
[White "Ëîñü, ßíà."]
[Black "Êóäðÿâöåâà, Ìàðèÿ."]
[Result "0-1"]
[WhiteElo "1609"]
[BlackElo "1758"]
[PlyCount "76"]
[EventDate "2017.04.20"]

1. e4 e6 2. d4 d5 3. Nc3 Bb4 4. e5 Ne7 5. a3 Bxc3+ 6. bxc3 c5 7. Qg4 Qc7 8. Bd2
Nbc6 9. Nf3 Nf5 10. Bd3 Rg8 11. O-O c4 12. Bxf5 exf5 13. Qh5 h6 14. a4 Be6 15.
Bc1 Qa5 16. Bb2 Ne7 17. Rfb1 Qc7 18. Ba3 Qd7 19. Ne1 f4 20. Qd1 b6 21. Qc1 g5
22. a5 Kf8 23. axb6 axb6 24. Rxb6 Kg7 25. Rab1 Ra7 26. Bc5 Rc7 27. Bd6 Ra7 28.
Bb8 Ra8 29. Nf3 Kh7 30. Nd2 Nc6 31. Bd6 Ra7 32. Qb2 Rga8 33. Qb5 Nd8 34. Qxd7
Bxd7 35. Kf1 Ra2 36. R1b2 Bf5 37. Ke2 Bxc2 38. Kf3 Bd1# 0-1

[Event "Ä15Ï"]
[Site "Loo"]
[Date "2017.04.25"]
[Round "6.4"]
[White "Êîìáàð, Ìàðèÿ."]
[Black "ßêóøèíà, Åêàòåðèíà."]
[Result "1/2-1/2"]
[WhiteElo "1528"]
[BlackElo "1744"]
[PlyCount "86"]
[EventDate "2017.04.20"]

1. d4 Nf6 2. c4 c6 3. Nc3 d5 4. e3 Bf5 5. cxd5 cxd5 6. Qb3 Nc6 7. Qxb7 Bd7 8.
Qb3 Rb8 9. Qd1 e5 10. Nf3 e4 11. Nd2 Bb4 12. Be2 Ne7 13. O-O O-O 14. Ndb1 Qc7
15. Bd2 Bd6 16. h3 Rxb2 17. a4 Rbb8 18. Nb5 Bxb5 19. Bxb5 Nf5 20. Nc3 Rfd8 21.
Qe2 Qe7 22. Rab1 Qe6 23. Rfc1 Nh4 24. Be1 Qf5 25. Qf1 Qg5 26. f4 exf3 27. Bxh4
Qxh4 28. Qxf3 Ne4 29. Nxe4 dxe4 30. Qf2 Bg3 31. Qf5 g6 32. Qf1 Rd6 33. Bc4 Rf6
34. Rxb8+ Bxb8 35. Qe1 Bg3 36. Qe2 Bf2+ 37. Kh1 Rf3 38. Qf1 Rxe3 39. Be2 Ra3
40. Ra1 Rxa1 41. Qxa1 Bxd4 42. Qxd4 Qe1+ 43. Kh2 Qxe2 1/2-1/2

[Event "Ä15Ï"]
[Site "Loo"]
[Date "2017.04.25"]
[Round "6.5"]
[White "Òóêàåâà, Àèäà."]
[Black "Ñëåñàðåâà, Ìèðàñëàâà."]
[Result "1/2-1/2"]
[WhiteElo "1852"]
[BlackElo "1725"]
[PlyCount "135"]
[EventDate "2017.04.20"]

1. e4 e5 2. Nf3 Nc6 3. d4 exd4 4. Nxd4 Nf6 5. Nc3 Bb4 6. Nxc6 bxc6 7. Bd3 O-O
8. O-O d5 9. exd5 cxd5 10. Bg5 c6 11. Qf3 Be7 12. h3 h6 13. Bf4 Bd6 14. Ne2
Bxf4 15. Qxf4 Qb6 16. b3 c5 17. Nc3 Be6 18. Rfe1 Rac8 19. Bf5 Rfe8 20. Qf3 Qc6
21. Rad1 d4 22. Qxc6 Rxc6 23. Bxe6 Rcxe6 24. Rxe6 fxe6 25. Nb5 Re7 26. Nd6 Nd5
27. Ne4 Rc7 28. a3 Kf8 29. g3 Ke7 30. Kf1 Nb6 31. Ke2 e5 32. f4 exf4 33. gxf4
Nd5 34. Kf3 Ke6 35. Re1 Ne3 36. Re2 Kd5 37. Nc3+ Kc6 38. Ne4 Rf7 39. Nf2 Kd5
40. Nd3 g5 41. Kg3 Rf5 42. Rf2 gxf4+ 43. Nxf4+ Ke4 44. a4 Rf8 45. Nd3 Rxf2 46.
Kxf2 Nxc2 47. Nxc5+ Kd5 48. Nd3 Na1 49. Nc1 Ke4 50. Ke2 Nc2 51. Nd3 Ne3 52. a5
Nd5 53. Nf2+ Kf5 54. Kd3 Ke5 55. Ng4+ Kd6 56. Kxd4 h5 57. Nf2 h4 58. Ke4 Ne7
59. Kf4 Kc5 60. Ne4+ Kb4 61. Kg5 Nd5 62. Kxh4 Nf4 63. Nd2 Kxa5 64. Kg4 Nxh3 65.
Kxh3 Kb4 66. Nc4 Kxb3 67. Na5+ Ka4 68. Nc6 1/2-1/2

[Event "Ä15Ï"]
[Site "Loo"]
[Date "2017.04.25"]
[Round "6.6"]
[White "Íàñûáóëëèíà, Äàÿíà."]
[Black "Øàìñóòäèíîâà, Êàðèíà."]
[Result "0-1"]
[WhiteElo "1786"]
[BlackElo "1617"]
[PlyCount "96"]
[EventDate "2017.04.20"]

1. d4 Nf6 2. Nc3 d5 3. Bg5 Nbd7 4. Nf3 c6 5. e3 g6 6. Be2 Bg7 7. O-O O-O 8. Re1
Re8 9. Bf1 Qb6 10. b3 Qa5 11. Ne2 Ne4 12. Bf4 h6 13. h4 Nf8 14. Ng3 Bg4 15. Qd3
Nxg3 16. Bxg3 Nd7 17. Qd2 Qb6 18. Ne5 Nxe5 19. Bxe5 f6 20. Bg3 e5 21. Bd3 e4
22. Bf1 Qd8 23. c4 f5 24. cxd5 cxd5 25. Qb4 Re7 26. Rac1 Bf6 27. Rc2 Rc8 28.
Rec1 Rxc2 29. Rxc2 Rd7 30. Qc5 Bxh4 31. Bxh4 Qxh4 32. Qxa7 Qd8 33. Qc5 g5 34.
a4 f4 35. b4 Bd1 36. Ra2 fxe3 37. fxe3 Rf7 38. a5 Qf6 39. Bb5 g4 40. Qxd5 Qh4
41. Qe5 Qe1+ 42. Kh2 Qh4+ 43. Kg1 Qe1+ 44. Kh2 Qh4+ 45. Kg1 g3 46. Qe8+ Kg7 47.
Qxf7+ Kxf7 48. Bc4+ Ke7 0-1

[Event "Ä15Ï"]
[Site "Loo"]
[Date "2017.04.25"]
[Round "6.7"]
[White "Ïè÷íåíêî, Íèíà."]
[Black "Êîðîáèöûíà, Îëåñÿ."]
[Result "1/2-1/2"]
[WhiteElo "1507"]
[BlackElo "1769"]
[PlyCount "147"]
[EventDate "2017.04.20"]

1. e4 g6 2. d4 Bg7 3. Nc3 d6 4. g3 Nf6 5. Bg2 O-O 6. Nge2 Nbd7 7. O-O e5 8. h3
h6 9. g4 Nh7 10. Be3 Nb6 11. Qd3 f5 12. gxf5 gxf5 13. f4 fxe4 14. Bxe4 Nf6 15.
Bg2 exd4 16. Bxd4 c5 17. Bf2 Nh5 18. Rad1 Bf5 19. Be4 c4 20. Qf3 Bxc3 21. Nxc3
Bxe4 22. Nxe4 Nxf4 23. Bxb6 Qxb6+ 24. Kh1 d5 25. Ng3 Qe6 26. Qg4+ Qxg4 27. hxg4
Rad8 28. Nf5 Ne2 29. Rde1 Rxf5 30. gxf5 Ng3+ 31. Kg2 Nxf1 32. Rxf1 Re8 33. Kf3
Kf7 34. Rd1 Re5 35. Kg4 Kf6 36. Rh1 Re4+ 37. Kf3 Kg5 38. Rd1 Rf4+ 39. Ke3 Rxf5
40. Kd4 b6 41. Rg1+ Kf6 42. Rg8 Ke6 43. Ra8 Rf4+ 44. Ke3 Re4+ 45. Kd2 d4 46.
Rxa7 Kd5 47. a4 Rh4 48. a5 Rh2+ 49. Kd1 bxa5 50. Rxa5+ Ke4 51. Ra8 Rh4 52. Rc8
Ke3 53. Re8+ Re4 54. Rh8 Re6 55. Rc8 Ra6 56. Re8+ Kf4 57. Rd8 Ke5 58. Kd2 Ra2
59. Rc8 Rxb2 60. Rxc4 Rb6 61. Rc8 Kf4 62. Rd8 Ke4 63. Re8+ Kd5 64. Kd3 Rc6 65.
Rd8+ Kc5 66. Rxd4 Kb5 67. c4+ Kb4 68. c5+ Kxc5 69. Rc4+ Kd6 70. Rxc6+ Kxc6 71.
Ke4 h5 72. Kf4 Kd5 73. Kg5 Ke4 74. Kxh5 1/2-1/2

[Event "Ä15Ï"]
[Site "Loo"]
[Date "2017.04.25"]
[Round "6.8"]
[White "Ñàôðîíîâà, Àëåêñàíäðà."]
[Black "Ëûñîêîíü, Ïîëèíà."]
[Result "1/2-1/2"]
[WhiteElo "1749"]
[BlackElo "1610"]
[PlyCount "80"]
[EventDate "2017.04.20"]

1. e4 c6 2. d4 d5 3. Nc3 dxe4 4. Nxe4 Nf6 5. Ng3 e6 6. Nf3 Nbd7 7. Bd3 c5 8. c3
cxd4 9. cxd4 Be7 10. O-O O-O 11. Qe2 Nd5 12. a3 b6 13. Bd2 Bb7 14. Rac1 Bd6 15.
Ng5 h6 16. Nxe6 fxe6 17. Qxe6+ Kh8 18. Qg6 N7f6 19. Nf5 Qd7 20. Bb5 Bxh2+ 21.
Kxh2 Ng4+ 22. Qxg4 Qxf5 23. Qxf5 Rxf5 24. Bc6 Bxc6 25. Rxc6 Re8 26. g4 Rf7 27.
Kg3 Re2 28. Bc1 Re4 29. Rd1 Nf4 30. Bxf4 Rfxf4 31. f3 Rxd4 32. Rxd4 Rxd4 33.
Rc7 Ra4 34. f4 b5 35. Rb7 a6 36. Rb6 Kg8 37. Kf3 Kf7 38. Kg3 Kg8 39. Kf3 Kf7
40. Kg3 Kg8 1/2-1/2

[Event "Ä15Ï"]
[Site "Loo"]
[Date "2017.04.25"]
[Round "6.9"]
[White "Íèêîëàåâà, Êñåíèÿ."]
[Black "Ëûñåíêî, Îëåñÿ."]
[Result "0-1"]
[WhiteElo "1743"]
[BlackElo "1500"]
[PlyCount "118"]
[EventDate "2017.04.20"]

1. e4 e5 2. Nf3 Nc6 3. Bb5 a6 4. Ba4 Nf6 5. O-O b5 6. Bb3 Be7 7. Re1 O-O 8. c3
d5 9. exd5 Nxd5 10. Nxe5 Nxe5 11. Rxe5 c6 12. d4 Bd6 13. Re1 Qh4 14. g3 Qh3 15.
Qf3 Bg4 16. Qg2 Qh5 17. Nd2 Rfe8 18. Rf1 Bh3 19. Qf3 Qxf3 20. Nxf3 Bxf1 21.
Kxf1 Re7 22. Bd2 Rae8 23. Re1 Rxe1+ 24. Nxe1 Nf6 25. f3 h5 26. Ng2 Nd5 27. Kf2
Kf8 28. Nh4 g6 29. Ng2 Nb6 30. Ne3 a5 31. Bd1 c5 32. Be2 b4 33. Nc2 Ke7 34. b3
Kf6 35. Bb5 Rc8 36. c4 cxd4 37. Nxd4 Bc5 38. Be3 Rd8 39. Ne2 Nd7 40. Nf4 Bxe3+
41. Kxe3 Ne5 42. Nd5+ Ke6 43. h3 Kd6 44. Nf6 Kc5 45. Ne4+ Kb6 46. f4 Nd3 47.
Ng5 Nc1 48. Nxf7 Rd3+ 49. Kf2 Nxa2 50. Ba4 Nc3 51. Ne5 Rd2+ 52. Ke3 Rg2 53. Kf3
Rb2 54. Nd3 Rb1 55. g4 Nxa4 56. bxa4 hxg4+ 57. hxg4 b3 58. Ke2 b2 59. Nxb2
Rxb2+ 0-1

[Event "Ä15Ï"]
[Site "Loo"]
[Date "2017.04.25"]
[Round "6.10"]
[White "Êèñåëåâà, Åëèçàâåòà."]
[Black "Ëàðèíà, Òàòüÿíà."]
[Result "1/2-1/2"]
[WhiteElo "1499"]
[BlackElo "1738"]
[PlyCount "80"]
[EventDate "2017.04.20"]

1. e4 e6 2. d4 d5 3. e5 c5 4. c3 Nc6 5. Nf3 Bd7 6. Be2 Nge7 7. O-O Ng6 8. a3
Be7 9. Re1 O-O 10. b4 cxd4 11. cxd4 Rc8 12. Nbd2 f6 13. exf6 Bxf6 14. Nb3 b6
15. Bd3 Nh4 16. Nxh4 Bxh4 17. g3 Bf6 18. Ba6 Ra8 19. Bf4 Bc8 20. Bxc8 Qxc8 21.
Rc1 Qd7 22. b5 Nd8 23. a4 Rc8 24. Qg4 Rc4 25. Qe2 Rxa4 26. Rc7 Qe8 27. Bd6 Rf7
28. Rc8 Qd7 29. Qxe6 Qxe6 30. Rxe6 Rd7 31. Re8+ Kf7 32. Rf8+ Kg6 33. Be5 Ne6
34. Rfe8 Kf7 35. Bxf6 Kxf6 36. Rc6 Re7 37. Rf8+ Rf7 38. Re8 Re7 39. Rf8+ Rf7
40. Re8 Re7 1/2-1/2

[Event "Ä15Ï"]
[Site "Loo"]
[Date "2017.04.25"]
[Round "6.11"]
[White "Ñòðóêîâà, Êñåíèÿ."]
[Black "Èâàíîâà, Àíàñòàñèÿ Ñ."]
[Result "1-0"]
[WhiteElo "1762"]
[BlackElo "1538"]
[PlyCount "61"]
[EventDate "2017.04.20"]

1. e4 c5 2. Nf3 g6 3. d4 cxd4 4. Nxd4 Bg7 5. Nc3 Nc6 6. Be3 d6 7. Bc4 Bd7 8.
Qd2 Nf6 9. f3 O-O 10. O-O-O Ne5 11. Bb3 a6 12. h4 Rc8 13. h5 Nxh5 14. g4 Nxf3
15. Nxf3 Bxg4 16. Qg2 Bxf3 17. Qxf3 b5 18. Rdg1 Nf6 19. Qh3 Qd7 20. Qh4 h5 21.
Rxg6 d5 22. Rxg7+ Kxg7 23. Qg5+ Kh7 24. Qh6+ Kg8 25. Rg1+ Ng4 26. Qg5+ Kh7 27.
Qxh5+ Kg7 28. Rxg4+ Kf6 29. Nxd5+ Ke6 30. Nc7+ Kd6 31. Qc5# 1-0

[Event "Ä15Ï"]
[Site "Loo"]
[Date "2017.04.25"]
[Round "6.12"]
[White "Êðåíäÿñåâà, Âàëåðèÿ."]
[Black "Áåëîâà, Êñåíèÿ."]
[Result "1-0"]
[WhiteElo "1670"]
[BlackElo "1497"]
[PlyCount "69"]
[EventDate "2017.04.20"]

1. e4 e5 2. Nf3 d6 3. d4 exd4 4. Nxd4 Nf6 5. Nc3 Be7 6. f3 O-O 7. Be3 c5 8. Nb3
a6 9. Be2 Nc6 10. O-O Qc7 11. Bf4 b6 12. Qd2 Be6 13. Rad1 Rfd8 14. Qe3 Nh5 15.
Bg5 Bxg5 16. Qxg5 g6 17. f4 Ng7 18. f5 Bxb3 19. axb3 Nd4 20. Bd3 Re8 21. fxg6
hxg6 22. Nd5 Qd8 23. Qxd8 Rexd8 24. Nxb6 Rab8 25. Nd5 Nb5 26. Ne7+ Kf8 27. Nc6
Nd4 28. Nxd8 Rxd8 29. c3 Nxb3 30. Bc4 Na5 31. Rxf7+ Ke8 32. Rxg7 Nxc4 33. Rxg6
Nxb2 34. Rdxd6 a5 35. Rg8+ 1-0

[Event "Ä15Ï"]
[Site "Loo"]
[Date "2017.04.25"]
[Round "6.13"]
[White "Ïàêååâà, Íàìëàíà."]
[Black "Õàðèòîíîâà, Èðèíà."]
[Result "1-0"]
[WhiteElo "1630"]
[BlackElo "1476"]
[PlyCount "53"]
[EventDate "2017.04.20"]

1. e4 e5 2. Nf3 Nc6 3. Bc4 Nf6 4. d3 Bc5 5. O-O d6 6. c3 O-O 7. Re1 a6 8. Bb3
Ba7 9. h3 Be6 10. Bc2 Ne7 11. Nbd2 Ng6 12. Nf1 Ne8 13. d4 exd4 14. cxd4 f5 15.
Ng5 Bf7 16. Nxf7 Rxf7 17. Bb3 fxe4 18. Bxf7+ Kxf7 19. Rxe4 Nf6 20. Bg5 h6 21.
Bxf6 Qxf6 22. Qb3+ Kf8 23. Qxb7 Qd8 24. Rae1 Bb6 25. Rg4 Ne7 26. Qf3+ Kg8 27.
Rxe7 1-0

[Event "Ä15Ï"]
[Site "Loo"]
[Date "2017.04.25"]
[Round "6.14"]
[White "Êàìàåâà, Äæàìèëÿ."]
[Black "Êîçûðåâà, Ìàðèíà."]
[Result "1/2-1/2"]
[WhiteElo "1563"]
[BlackElo "1598"]
[PlyCount "101"]
[EventDate "2017.04.20"]

1. d4 d5 2. Nf3 Nf6 3. e3 Bg4 4. b3 e6 5. a3 c5 6. Bb2 Nc6 7. Bd3 Be7 8. O-O
O-O 9. h3 Bh5 10. Nbd2 Rb8 11. c4 cxd4 12. exd4 Qb6 13. c5 Qc7 14. Qc2 Bg6 15.
Rac1 Rfc8 16. Bxg6 hxg6 17. b4 a6 18. Rfe1 b6 19. Ne5 bxc5 20. dxc5 a5 21. Nxc6
Qxc6 22. Bc3 axb4 23. axb4 d4 24. Bxd4 Rxb4 25. Nf3 Rb5 26. Rb1 Rxb1 27. Qxb1
Nd7 28. Rc1 Bxc5 29. Ne5 Qd5 30. Nxd7 Qxd4 31. Nxc5 Rxc5 32. Rxc5 Qxc5 33. Qb8+
Kh7 34. Qf4 f6 35. Qg4 Qc1+ 36. Kh2 Qe1 37. Qh4+ Kg8 38. Qg3 Qe4 39. Qb8+ Kh7
40. Qg3 e5 41. Qb3 f5 42. Qe6 Qf4+ 43. Kg1 e4 44. Qe7 Qh6 45. Qe5 Qg5 46. Qe8
Qf6 47. Qa4 Qe5 48. Qd7 f4 49. Qg4 g5 50. Qh5+ Kg8 51. Kf1 1/2-1/2

[Event "Ä15Ï"]
[Site "Loo"]
[Date "2017.04.25"]
[Round "6.15"]
[White "Òëåöåðè, Äæóëüåòòà."]
[Black "Ìîèñååâà, Ïîëèíà."]
[Result "1-0"]
[WhiteElo "1575"]
[BlackElo "1425"]
[PlyCount "145"]
[EventDate "2017.04.20"]

1. e4 d5 2. exd5 Qxd5 3. Nc3 Qd6 4. d4 Nf6 5. Nf3 c6 6. h3 Bf5 7. Bd3 Bxd3 8.
Qxd3 e6 9. O-O Be7 10. Ne2 O-O 11. c4 Nbd7 12. Bf4 Qb4 13. a3 Qa5 14. b4 Qd8
15. Nc3 Nb6 16. Ne5 Nh5 17. Be3 Qc7 18. Qe2 Nf6 19. Bf4 Rfd8 20. Bg3 Qc8 21.
Rfd1 Nbd7 22. Nxd7 Qxd7 23. Ra2 Bd6 24. Bh4 Be7 25. Bxf6 Bxf6 26. Rad2 Qe7 27.
Qf3 Rd7 28. Rd3 Rad8 29. Ne2 Rd6 30. Kf1 R8d7 31. d5 Qd8 32. Nf4 exd5 33. cxd5
Bg5 34. dxc6 Rxd3 35. Rxd3 Rxd3 36. Qxd3 Qxd3+ 37. Nxd3 bxc6 38. f4 Bf6 39. Ke2
Kf8 40. Ke3 Ke7 41. Ke4 Kd6 42. g4 g6 43. Ne1 Bc3 44. Nc2 a5 45. bxa5 Bxa5 46.
Ne3 Kc5 47. Kd3 Kb5 48. Nc4 Bc7 49. Ne5 Bxe5 50. fxe5 c5 51. Kc3 c4 52. g5 Kc5
53. a4 Kd5 54. a5 Kc5 55. a6 Kb6 56. Kxc4 Kxa6 57. Kd5 Kb6 58. e6 fxe6+ 59.
Kxe6 Kc6 60. Kf6 Kd6 61. Kg7 Ke6 62. Kxh7 Kf5 63. h4 Kg4 64. Kxg6 Kxh4 65. Kh6
Kg4 66. g6 Kf5 67. g7 Kg4 68. g8=Q+ Kh4 69. Qg1 Kh3 70. Kg6 Kh4 71. Kf5 Kh3 72.
Kf4 Kh4 73. Qg4# 1-0

[Event "Ä15Ï"]
[Site "Loo"]
[Date "2017.04.25"]
[Round "6.16"]
[White "Ìîñêàëåâà, Àðèíà."]
[Black "Ãèáàäóëëèíà, Ðàÿíà."]
[Result "0-1"]
[WhiteElo "1504"]
[BlackElo "1706"]
[PlyCount "54"]
[EventDate "2017.04.20"]

1. e4 c5 2. c3 d5 3. exd5 Qxd5 4. d4 Nc6 5. Nf3 e6 6. Be3 Nf6 7. Be2 cxd4 8.
cxd4 Be7 9. Nc3 Qd8 10. O-O O-O 11. a3 a6 12. Qc2 Bd6 13. Rad1 h6 14. d5 exd5
15. Nxd5 Nxd5 16. Rxd5 Bxh2+ 17. Nxh2 Qxd5 18. Rd1 Qf5 19. Bd3 Qf6 20. Qa4 Bf5
21. Bc5 Rfd8 22. Ng4 Bxg4 23. Qxg4 Ne5 24. Qe4 Nxd3 25. Rxd3 Rxd3 26. Qxd3 Rd8
27. Qe4 Qxb2 0-1

[Event "Ä15Ï"]
[Site "Loo"]
[Date "2017.04.25"]
[Round "6.17"]
[White "Áû÷åíêîâà, Àíãåëèíà."]
[Black "Ôàéðóçîâà, Çóëüôèÿ."]
[Result "0-1"]
[WhiteElo "1500"]
[BlackElo "1677"]
[PlyCount "118"]
[EventDate "2017.04.20"]

1. d4 Nf6 2. Nf3 e6 3. e3 b6 4. c4 Bb7 5. Nc3 Bb4 6. Bd2 a5 7. Be2 O-O 8. O-O
d6 9. a3 Bxc3 10. Bxc3 Ne4 11. Qc2 f5 12. Rfd1 Nd7 13. Nd2 Nxc3 14. Qxc3 Qe7
15. Bf3 Bxf3 16. Nxf3 Rfd8 17. Qd3 Qf6 18. Qc2 h6 19. Qe2 e5 20. d5 a4 21. Rab1
Nc5 22. Nd2 Rf8 23. Re1 Qf7 24. h3 Qf6 25. Rf1 f4 26. e4 g5 27. f3 Kf7 28. Kf2
h5 29. Ke1 Rg8 30. Kd1 Qg6 31. Kc2 g4 32. hxg4 hxg4 33. Rg1 g3 34. b4 axb3+ 35.
Nxb3 Rxa3 36. Nxc5 bxc5 37. Rb3 Rxb3 38. Kxb3 Rb8+ 39. Kc2 Ke7 40. Rb1 Qe8 41.
Rxb8 Qxb8 42. Qf1 Qb4 43. Qh1 Qxc4+ 44. Kb2 Qb5+ 45. Ka2 Qe8 46. Qh7+ Kd8 47.
Qh4+ Kc8 48. Qh3+ Kb7 49. Qh1 Qa4+ 50. Kb2 c4 51. Qc1 Qb3+ 52. Ka1 Ka6 53. Qe1
Kb5 54. Qe2 Kb4 55. Qf1 Qc2 56. Qg1 Qc3+ 57. Kb1 Qd3+ 58. Ka2 Qd2+ 59. Kb1 Kb3
0-1

[Event "Ä15Ï"]
[Site "Loo"]
[Date "2017.04.25"]
[Round "6.18"]
[White "Êîíîíîâà, Àíàñòàñèÿ."]
[Black "Ãóðîâà, Íàòàëèÿ."]
[Result "0-1"]
[WhiteElo "1446"]
[BlackElo "1644"]
[PlyCount "100"]
[EventDate "2017.04.20"]

1. c4 c6 2. Nf3 d5 3. b3 Bf5 4. g3 Nf6 5. Bg2 e6 6. O-O Nbd7 7. Bb2 Bd6 8. d3
O-O 9. Nbd2 Bg6 10. Re1 Bc7 11. Rc1 Re8 12. cxd5 exd5 13. Nd4 Bb6 14. N2f3 Rc8
15. e3 Nc5 16. Rc3 Rc7 17. b4 Ne6 18. Nxe6 fxe6 19. a4 a5 20. Qb3 axb4 21. Rcc1
c5 22. d4 c4 23. Qxb4 Rc8 24. Bc3 Ne4 25. Rf1 Nxc3 26. Qxc3 Bd3 27. Rfd1 Be2
28. Ne5 Bxd1 29. Rxd1 Bc7 30. Nf3 Ba5 31. Qc2 Qf6 32. Rb1 Qf5 33. Qa2 b6 34.
Nh4 Qf6 35. Nf3 c3 36. Rc1 Qe7 37. Bf1 Qb4 38. Rb1 c2 39. Rc1 Rf8 40. Kg2 Qc3
41. Bb5 Rc7 42. Be2 Bb4 43. h3 Ba3 44. Ra1 c1=Q 45. Rxc1 Bxc1 46. Bb5 Qc2 47.
Qxc2 Rxc2 48. Bd7 Rf6 49. g4 Bxe3 50. g5 Rxf2+ 0-1

[Event "Ä15Ï"]
[Site "Loo"]
[Date "2017.04.25"]
[Round "6.19"]
[White "Õîìÿê, Àëåêñàíäðà."]
[Black "Øóìàêîâà, Ñâåòëàíà."]
[Result "0-1"]
[WhiteElo "1599"]
[BlackElo "1494"]
[PlyCount "88"]
[EventDate "2017.04.20"]

1. e4 d6 2. Nf3 Nf6 3. Nc3 c6 4. d4 Bg4 5. Be2 e6 6. O-O Bxf3 7. Bxf3 d5 8. Re1
Be7 9. g3 O-O 10. Bg2 Nfd7 11. exd5 cxd5 12. Nb1 Nc6 13. c3 a6 14. Nd2 Rc8 15.
f4 Nf6 16. Nf3 Ne4 17. Ne5 f5 18. Nd3 Bd6 19. Nf2 Rf6 20. Rf1 Qe8 21. Bh3 Rh6
22. Nxe4 dxe4 23. Bg2 Ne7 24. Qb3 b5 25. Qd1 Nd5 26. Re1 Qg6 27. Qe2 Nf6 28. a4
Qe8 29. axb5 axb5 30. Bd2 Ng4 31. h3 Nf6 32. g4 Nd5 33. g5 Rh4 34. Qf2 Qh5 35.
Bf1 Bxf4 36. Bxf4 Nxf4 37. Re3 Nxh3+ 38. Bxh3 Rxh3 39. Rxh3 Qxh3 40. Ra6 Qg4+
41. Qg2 Qd1+ 42. Kh2 Qb3 43. Rb6 Qc4 44. g6 Qc7+ 0-1

[Event "Ä15Ï"]
[Site "Loo"]
[Date "2017.04.25"]
[Round "6.20"]
[White "Èâàíàåâà, Àëèíà."]
[Black "Àíäðååâà, Àíàñòàñèÿ."]
[Result "0-1"]
[WhiteElo "1379"]
[BlackElo "1565"]
[PlyCount "42"]
[EventDate "2017.04.20"]

1. e4 e6 2. d4 d5 3. exd5 exd5 4. Bd3 Bd6 5. Nf3 Nf6 6. O-O O-O 7. Bg5 h6 8.
Bh4 c6 9. Re1 Be6 10. Ne5 Nbd7 11. Nd2 Qc7 12. Bg3 Rfe8 13. f4 Nf8 14. f5 Bc8
15. c4 N8d7 16. Nxd7 Bxd7 17. Bxd6 Qxd6 18. c5 Qf4 19. Nb3 Ng4 20. h3 Qh2+ 21.
Kf1 Qh1# 0-1

[Event "Ä15Ï"]
[Site "Loo"]
[Date "2017.04.25"]
[Round "6.21"]
[White "Èâàíîâà, Ìàðèÿ."]
[Black "Ìàêàðîâà, Àíàñòàñèÿ."]
[Result "1/2-1/2"]
[WhiteElo "1328"]
[BlackElo "1562"]
[PlyCount "84"]
[EventDate "2017.04.20"]

1. e4 c5 2. Nf3 e6 3. d4 cxd4 4. Nxd4 a6 5. c4 Qc7 6. Nc3 Nf6 7. a3 b6 8. Qd3
Bb7 9. Be2 Be7 10. O-O O-O 11. Be3 d6 12. Rac1 Nbd7 13. Nb3 Rac8 14. f3 Ne5 15.
Qd4 Nfd7 16. Na2 Nc5 17. Nxc5 dxc5 18. Qc3 Bf6 19. Bf4 Ng6 20. Bxc7 Bxc3 21.
Rxc3 Rxc7 22. Rd1 Nf4 23. Bf1 Bc6 24. g3 Ng6 25. Bg2 Rcc8 26. b3 Rfd8 27. Rcd3
Rxd3 28. Rxd3 Kf8 29. Nc3 Ne5 30. Rd2 Ke7 31. f4 Ng4 32. h3 Nf6 33. e5 Ne8 34.
Bxc6 Rxc6 35. Kf2 Rc7 36. Ke3 Rd7 37. Na4 Rb7 38. Nc3 Rd7 39. Na4 Rb7 40. Nc3
Rd7 41. Na4 Rb7 42. Nc3 Rd7 1/2-1/2

[Event "Ä15Ï"]
[Site "Loo"]
[Date "2017.04.25"]
[Round "6.22"]
[White "Êðûëîâà, Ìàðèÿ."]
[Black "Ìàðêîâà, Àííà."]
[Result "0-1"]
[WhiteElo "1308"]
[BlackElo "1553"]
[PlyCount "98"]
[EventDate "2017.04.20"]

1. e4 c6 2. d4 d5 3. Nc3 dxe4 4. Nxe4 Nf6 5. Nxf6+ gxf6 6. Nf3 Bf5 7. Bf4 Nd7
8. Bc4 e6 9. Qe2 Be7 10. Nh4 Bg6 11. Nxg6 hxg6 12. c3 Nb6 13. Bb3 Nd5 14. Bg3
Bd6 15. O-O-O Qc7 16. Kb1 Bxg3 17. hxg3 O-O-O 18. Rhe1 Rhe8 19. Qf3 f5 20. Re2
Nf6 21. Qf4 Qxf4 22. gxf4 Ne4 23. Bc2 Nf6 24. a4 Rh8 25. f3 Rh2 26. Rde1 Nh5
27. g4 Rxe2 28. Rxe2 Nxf4 29. Rh2 fxg4 30. fxg4 Nd5 31. Rf2 Rf8 32. Bxg6 f6 33.
Rf3 Kd7 34. c4 Ne7 35. Be4 Rg8 36. Rf4 e5 37. dxe5 fxe5 38. Bf5+ Nxf5 39. Rxf5
Ke6 40. b3 Rxg4 41. Rf2 Rf4 42. Re2 Rf3 43. Kc2 Kf5 44. Kb2 Kf4 45. Kc2 e4 46.
a5 Kg3 47. b4 Rf2 48. Kd2 Kf3 49. Rxf2+ Kxf2 0-1

[Event "Ä15Ï"]
[Site "Loo"]
[Date "2017.04.25"]
[Round "6.23"]
[White "Ãàëèìîâà, Çàðèÿ."]
[Black "Ëèíöîâà, Ëèëèÿ."]
[Result "0-1"]
[WhiteElo "1305"]
[BlackElo "1524"]
[PlyCount "116"]
[EventDate "2017.04.20"]

1. e4 c5 2. c4 Nc6 3. Nc3 g6 4. g3 Bg7 5. Bg2 d6 6. Nge2 Nf6 7. O-O O-O 8. d3
Rb8 9. Be3 Ng4 10. Bd2 Nd4 11. f4 Nxe2+ 12. Qxe2 Bd4+ 13. Kh1 Nf6 14. h3 Ne8
15. Kh2 Nc7 16. Rab1 a6 17. Qf3 b5 18. b3 Bb7 19. Qd1 Bc6 20. Ne2 Bg7 21. Bc3
Bxc3 22. Nxc3 Ne6 23. Ne2 bxc4 24. bxc4 Rxb1 25. Qxb1 Qb8 26. Qc2 Qa8 27. Rb1
Rb8 28. Rxb8+ Qxb8 29. Qb3 Qb7 30. f5 Nf8 31. Qc3 Qb1 32. Qb3 Qe1 33. Nf4 gxf5
34. exf5 Bxg2 35. Nxg2 Qd2 36. Kg1 Nd7 37. Nf4 Ne5 38. Qb8+ Kg7 39. Qb1 Nf3+
40. Kf1 Qh2 41. Qa1+ Kg8 42. Qc3 Qxg3 43. Nd5 Qg1+ 44. Ke2 Nd4+ 45. Kd2 Qf2+
46. Kd1 Kf8 47. Nc7 Qe2+ 48. Kc1 Qxa2 49. Kd1 Qb1+ 50. Kd2 Qa2+ 51. Kd1 a5 52.
Nd5 a4 53. f6 exf6 54. Nxf6 h6 55. Ng4 a3 56. Nxh6 Qb1+ 57. Qc1 Qxd3+ 58. Ke1
Qe2# 0-1

[Event "Ä15Ï"]
[Site "Loo"]
[Date "2017.04.25"]
[Round "6.24"]
[White "Òèíèíà, Êðèñòèíà."]
[Black "Ñóðêîâà, Åêàòåðèíà."]
[Result "1/2-1/2"]
[WhiteElo "1611"]
[BlackElo "1428"]
[PlyCount "120"]
[EventDate "2017.04.20"]

1. e4 c5 2. Nf3 e6 3. d4 cxd4 4. Nxd4 Nf6 5. Nc3 a6 6. Be3 Qc7 7. Qd2 Nc6 8.
O-O-O Bb4 9. f3 Nxd4 10. Bxd4 e5 11. Be3 Bxc3 12. Qxc3 Qxc3 13. bxc3 b5 14. Bc5
Bb7 15. Bd6 O-O-O 16. Bxe5 Ne8 17. g3 f6 18. Bf4 g5 19. Be3 d5 20. Bg2 Nc7 21.
exd5 Bxd5 22. Kb2 g4 23. Rhf1 Rhe8 24. Bd4 Re2 25. Bh1 Rxh2 26. fxg4 Rd6 27.
Bxd5 Nxd5 28. Rh1 Rg2 29. Rxh7 Ne3 30. Rc1 Rxg3 31. Bxe3 Rxe3 32. Rf7 Rg3 33.
Re1 Rxg4 34. Re8+ Rd8 35. Rxd8+ Kxd8 36. Rxf6 Ra4 37. Kb3 Kc7 38. c4 Rxc4 39.
Rxa6 Kb7 40. Rf6 Kc7 41. Re6 Kb7 42. Re3 Kb6 43. Rd3 Ka6 44. c3 Kb6 45. Rd4 Rc5
46. Kb4 Rh5 47. Kb3 Rg5 48. Rb4 Rh5 49. a4 Ka5 50. Rxb5+ Rxb5+ 51. axb5 Kxb5
52. c4+ Kc5 53. Kc3 Kc6 54. Kd4 Kd6 55. c5+ Kc6 56. Kc4 Kc7 57. Kd5 Kd7 58. c6+
Kc7 59. Kc5 Kc8 60. Kb6 Kb8 1/2-1/2

[Event "Ä15Ï"]
[Site "Loo"]
[Date "2017.04.25"]
[Round "6.25"]
[White "Øàðèêîâà, Àðèíà."]
[Black "Ëàçóðåíêî, Êñåíèÿ."]
[Result "1-0"]
[WhiteElo "1560"]
[BlackElo "1343"]
[PlyCount "57"]
[EventDate "2017.04.20"]

1. e4 c5 2. b3 d6 3. Bb2 Nc6 4. Nf3 e6 5. d4 cxd4 6. Nxd4 Nf6 7. Nc3 Be7 8. Be2
O-O 9. O-O a6 10. Nxc6 bxc6 11. f4 Qa5 12. Qe1 Bb7 13. Qg3 d5 14. e5 Nd7 15.
Bd3 Nc5 16. f5 Nxd3 17. f6 Bc5+ 18. Kh1 Nf2+ 19. Rxf2 g6 20. Qg5 Rfb8 21. Rf4
Bf8 22. Rh4 Qd8 23. Ne2 h6 24. Qg3 Kh7 25. Bc1 h5 26. Nf4 Bh6 27. Nxh5 Bf8 28.
Nf4+ Bh6 29. Rxh6+ 1-0

[Event "Ä15Ï"]
[Site "Loo"]
[Date "2017.04.25"]
[Round "6.26"]
[White "Ñêîðîáîãàòîâà, Àíàñòàñèÿ."]
[Black "Àñàòðÿí, Ìàðèÿ."]
[Result "1-0"]
[WhiteElo "1547"]
[BlackElo "1349"]
[PlyCount "81"]
[EventDate "2017.04.20"]

1. d4 Nf6 2. Nf3 g6 3. c4 c5 4. Nc3 cxd4 5. Nxd4 d6 6. e3 Bg7 7. Be2 O-O 8. O-O
a6 9. e4 Bd7 10. Be3 Nc6 11. Qd2 Nxd4 12. Bxd4 Be6 13. f3 Rc8 14. Nd5 Bxd5 15.
exd5 Qd7 16. Rfe1 b5 17. b3 e5 18. dxe6 fxe6 19. Rad1 Ne8 20. Bxg7 Kxg7 21. Kh1
e5 22. cxb5 axb5 23. Qd5 Qa7 24. b4 Qa4 25. Qxb5 Qxa2 26. Qd7+ Qf7 27. Qxc8 Nc7
28. Qb7 d5 29. Rc1 Na8 30. Qc6 Qf6 31. Qxf6+ Rxf6 32. Bd3 Re6 33. b5 Nb6 34.
Rc6 Kf6 35. Rec1 Nd7 36. b6 Kf7 37. Rxe6 Kxe6 38. b7 Ke7 39. Rc7 Kd6 40. Rxd7+
Kxd7 41. b8=Q 1-0